Dealing with problem employees : (Record no. 17435)
[ view plain ]
| 000 -LEADER | |
|---|---|
| fixed length control field | 00646cam a2200241Ii 4500 |
| 020 ## - INTERNATIONAL STANDARD BOOK NUMBER | |
| ISBN | 9781413319194 (pbk.) |
| 020 ## - INTERNATIONAL STANDARD BOOK NUMBER | |
| ISBN | 141331919X (pbk.) |
| 020 ## - INTERNATIONAL STANDARD BOOK NUMBER | |
| ISBN | 9781413319200 (epub ebook) |
| 020 ## - INTERNATIONAL STANDARD BOOK NUMBER | |
| ISBN | 1413319203 (epub ebook) |
| 022 0# - INTERNATIONAL STANDARD SERIAL NUMBER | |
| ISSN | 2169-3862 |
| 040 ## - CATALOGING SOURCE | |
| Transcribing agency | BTCTA |
| 082 04 - DEWEY DECIMAL CLASSIFICATION NUMBER | |
| Classification number | 658 NOL 2013 A114 Or. |
| 100 1# - MAIN ENTRY--AUTHOR NAME | |
| Personal name | DelPo, Amy, |
| 245 10 - TITLE STATEMENT | |
| Title | Dealing with problem employees : |
| Remainder of title | a legal guide / |
| 250 ## - EDITION STATEMENT | |
| Edition statement | Seventh edition |
| 300 ## - PHYSICAL DESCRIPTION | |
| Number of Pages | 412 pages ; |
| Dimensions | 23 cm |
| 500 ## - GENERAL NOTE | |
| General note | Includes index |
| 650 #0 - SUBJECT ADDED ENTRY--TOPICAL TERM | |
| Topical Term | Labor laws and legislation |
| 650 #0 - SUBJECT ADDED ENTRY--TOPICAL TERM | |
| Topical Term | Labor discipline |
| 650 #0 - SUBJECT ADDED ENTRY--TOPICAL TERM | |
| Topical Term | Problem employees |
| 700 1# - ADDED ENTRY--PERSONAL NAME | |
| Personal name | Guerin, Lisa, |
| 942 ## - ADDED ENTRY ELEMENTS (KOHA) | |
| Koha item type | សៀវភៅភាសាអង់គ្លេស |
| 952 ## - LOCATION AND ITEM INFORMATION (KOHA) | |
| Withdrawn status [LOCAL, KOHA] | 0 |
| Permanent Location | Date acquired | Koha item type | Lost status | Shelving location | Barcode | Current Location | Full call number |
|---|---|---|---|---|---|---|---|
| Library Block A | 2018-11-27 | សៀវភៅភាសាអង់គ្លេស | A114 | A37464 | Library Block A | 658 NOL 2013 A114 Or. |